| 000 | 00968cab a2200289 4500 | ||
|---|---|---|---|
| 001 | WB3415-14 | ||
| 008 | 090401t1998 xxu||||| |||| 00| 0 eng d | ||
| 035 | _a(Sirsi) u85668 | ||
| 041 | _aeng | ||
| 245 | _aFlexible leases | ||
| 260 | _c1998 | ||
| 350 | _a0 | ||
| 490 |
_aFinancial Times _v17 April 1998, 10(1) |
||
| 520 | _aShort-term, flexible leases are becoming increasingly popular with investors. Companies such as Workspace formerly London Industrial, which specialises in offering 3-year leases, has proven that profits can be made. Tables. | ||
| 650 | _aCOMMERCIAL LEASES | ||
| 650 | _aFLEXIBLE LEASES | ||
| 650 | _aIPD INDEX | ||
| 650 | _aLONDON INDUSTRIAL | ||
| 650 | _aPROPERTY INVESTMENT | ||
| 650 | _aPROPERTY RETURNS | ||
| 650 | _aSERVICED OFFICES | ||
| 650 | _aSHORT LEASES | ||
| 650 | _aWORKSPACE GROUP | ||
| 690 | _aPROPERTY-COMMERCIAL PROPERTY-COMMERCIAL PROPERTY FINANCE AND INVESTMENT | ||
| 942 | _n0 | ||
| 948 | _c17/04/1998 | ||
| 999 |
_c53884 _d53884 |
||